书目信息 |
| 题名: |
人与原子
|
|
| 作者: | 西博格 , 科利斯 , Corliss , Seaborg 著 ;严世莆 译 | |
| 分册: | ||
| 出版信息: | 北京 原子能出版社 1982 |
|
| 页数: | 370页 | |
| 开本: | 21cm | |
| 丛书名: | ||
| 单 册: | ||
| 中图分类: | TL99 | |
| 科图分类: | ||
| 主题词: | 核技术应用 | |
| 电子资源: | ||
| ISBN: | ||
| 000 | 00752nam0 2200277 45 | |
| 001 | 0182011015 | |
| 005 | 20060804144001.85 | |
| 010 | @dCNY1.80 | |
| 091 | @a15175.403 | |
| 100 | @a19950627d1982 emky0chiy0121 ea | |
| 101 | 1 | @achi@ceng |
| 102 | @aCN@b110000 | |
| 105 | @ay z 000yy | |
| 200 | 10 | @a人与原子@Aren yu yuan zi@f(美)G.T. 西博格,W.R. 科利斯著@g严世莆译 |
| 210 | @a北京@c原子能出版社@d1982 | |
| 215 | @a370页@d21cm | |
| 606 | @a核技术应用 | |
| 690 | @aTL99@v3 | |
| 701 | 1 | @a西博格@Axi bo ge@bG.T.@4著 |
| 701 | 1 | @a科利斯@Ake li si@bW.R.@4著 |
| 701 | A1 | @aCorliss@bW.R.@4著 |
| 701 | A1 | @aSeaborg@bG.T.@4著 |
| 702 | 0 | @a严世莆@Ayan shi pu@4译 |
| 801 | 2 | @aCN@bNLC@c20060804 |
| 801 | 0 | @aCN@bTSSF |
| 905 | @a10447@dTL99@e27 | |
| 人与原子/(美)G.T. 西博格,W.R. 科利斯著/严世莆译.-北京:原子能出版社,1982 |
| 370页;21cm |
| ISBN :CNY1.80 |
| ● |
| 相关链接 |
|
|
|
|
正题名:人与原子
索取号:TL99/27
 
预约/预借
| 序号 | 登录号 | 条形码 | 馆藏地/架位号 | 状态 | 备注 |
| 1 | 0439737 | 204397376 | 密集书库/ [索取号:TL99/27] | 在馆 | |
| 2 | 0439738 | 204397385 | 密集书库/ [索取号:TL99/27] | 在馆 | |
| 3 | 0439739 | 204397394 | 密集书库/ [索取号:TL99/27] | 在馆 |